| 000 | 00995nam a2200229Ia 4500 | ||
|---|---|---|---|
| 999 |
_c40818 _d40818 |
||
| 001 | 7458 | ||
| 003 | GE_BSU | ||
| 005 | 20231213153609.0 | ||
| 008 | 181216s1975||||ge |||||||||||||| ||geo|| | ||
| 040 | _cGE_BSU | ||
| 041 | _ageo | ||
| 080 | _a821.353.1-1 დ-71 | ||
| 100 |
_aდოლბაია, ვაჟა _920714 |
||
| 245 |
_aნათელხილვა : _bლექსები / _cვაჟა დოლბაია ; რედ. თეიმურაზ აბულაძე ; მხატვ. გიორგი წერეთელი. |
||
| 264 |
_aთბილისი : _bსაბჭ. საქართველო, _c1975. |
||
| 300 |
_a157 გ. : _b ილ. ; _c16 სმ. |
||
| 653 | _aნათელხილვა | ||
| 653 | _aლექსები | ||
| 700 |
_aაბულაძე, თეიმურაზ _eრედაქტორი _920715 |
||
| 700 |
_aწერეთელი, გიორგი _eმხატვარი _920716 |
||
| 942 |
_cBK _2udc |
||